00250nam a2200097 a 450000500170000000800410001705000190005810000150007724500260009226000340011820140414132114.0110824s19uu xx 00 eng d aERbPr954 1994 aGools, Van aPrincess and the pea. aNew York :bSmithmark,c1994.